00886nmc a2200301 a 4500003000900000005001700009008004100026020001800067040001300085100002400098245008800122250001200210260005300222300002800275490003600303500002600339504002800365610001400393650001100407650002300418650002100441650002300462650001600485650002200501650002700523651001400550653002000564AR-BaBNM20251128205127.0016119s1994 ||||||||||||||000 | spa|| a950-694-385-0 cAR-BaBNM1 aJozami, Aníbal Y.10aLiquidación o reconstrucción del Estadobel caso de la Junta Nacional de Granos a1ª ed. aBuenos AiresbGrupo Editor Latinoamericanoc19940 a304 p.btablas, láms. 0aEstudios políticos y sociales0 aApéndice p. 241-299 aContiene bibliografía14aArgentina 4aESTADO 4aREFORMA DEL ESTADO 4aPOLITICA AGRARIA 4aPOLITICA ECONOMICA 4aAGRICULTURA 4aECONOMIA NACIONAL 4aPOLITICA GUBERNAMENTAL 4aArgentina aPRIVATIZACIONES